The development of authoring software tools for computer-aided instruction /
Saved in:
| 主要作者: | |
|---|---|
| 格式: | Thesis 圖書 |
| 語言: | English |
| 出版: |
1987.
|
| 主題: | |
| 標簽: |
添加標簽
沒有標簽, 成為第一個標記此記錄!
|
| LEADER | 01095cam a2200277 4500 | ||
|---|---|---|---|
| 001 | u52619 | ||
| 003 | SIRSI | ||
| 008 | 871222s1987 my a t 0 eng | ||
| 015 | |a X870081483 | ||
| 035 | |a AAF-6578 | ||
| 040 | |a UMM | ||
| 090 | 0 | 0 | |a LB1028.6 |b Yau |
| 091 | |a Microfiche 10279 | ||
| 100 | 1 | 0 | |a Yau, Hong Yong |
| 245 | 1 | 4 | |a The development of authoring software tools for computer-aided instruction / |c by Yau Hong Yong. |
| 260 | |c 1987. | ||
| 300 | |a xi, 190 leaves : |b ill. ; |c 30 cm. | ||
| 500 | |a Also available on microfiche. Kuala Lumpur : Perpustakaan Universiti Malaya, 1996. 3 microfiche ; negative, 11x15cm | ||
| 502 | |a Dissertation (M.Sc.) -- Fakulti Sains, Universiti Malaya, 1987. | ||
| 504 | 0 | 0 | |a Bibliography: leaves 177-190 |
| 650 | 0 | |a Computer-assisted instruction |x Authoring programs | |
| 710 | 2 | 0 | |a Universiti Malaya. |b Fakulti Sains. |
| 948 | |a 16/03/1991 |b 05/06/2002 | ||
| 596 | |a 1 7 | ||
| 999 | |a LB1028.6 YAU |w LC |c 1 |i A010373063 |d 25/7/2000 |l STACKS |m P01UTAMA |n 3 |r Y |s Y |t TESIS |u 20/12/1991 | ||
| 999 | |a LB1028.6 YAU |w LC |c 1 |i A501546947 |l STACKS |m P07JURUTER |r Y |s Y |t TESIS |u 25/8/1992 | ||
